1536 1964 1357 1600 1700 1819 1948 1522 1698 1968 1472 1407 1711 1923 1809 1468 1038 1125 1301 1270 1198 1153 1576 1536 1364 1499 1496 1251 1959 1173 1907 1111 1073 1341 1962 1374 1701 1306 1203 1549 1346 1404 1954 1048 1830 1680 1864 1682 1028 1310 1635 1151 1213 1611 1299 1985 1208 1487 1043 1075 1758 1609 1547 1558 1314 1567 1554 1284 1174 1183 1055 1118 1556 1426 1140 1472 1257 1520 1372 1380 1948 1635 1665 1268 1814 1312 1618 1132 1035 1774 1060 1074 1327 1121 1673 1386 1448 1121 1940 BCNSPRNW ULIB Ver.6.0+V

เปลี่ยนเป็นภาษาไทย

Change to English
 แสดงรายละเอียดบรรณานุกรม
  กลับหน้าหลัก

Brief Record : Get Marc (ISO 2709) : E-mail record : QR code < ปิดหน้าต่าง
LEADER : 00000nam 2200000uu 4500
001    13399122562
003     ULIB
008    130731s2555||||th 000 0 tha d
020    ^a9786165432078
050  4 ^aBQ1029.T5^bต944ตร
130 0  ^aไตรภูมิ
245 10 ^aไตรภูมิกถา ฉบับรัชกาลที่ 9 =^bTraibhumikatha Buddhist cosmology : the illustrated King Rama IX edition /^cม.ร.ว.จักรรถ จิตรพงศ์ และ ปรีชา เถาทอง, ที่ปรึกษา ; สมศักดิ์ เชาวน์ธาดาพงศ์ ... [และคนอื่นๆ], บรรณาธิการ
246 31 ^aTraibhumikatha Buddhist cosmology : the illustrated King Rama IX edition
250    ^aพิมพ์ครั้งที่ 1
260    ^aกรุงเทพฯ :^bสำนักงานปลัดกระทรวงวัฒนธรรม,^c2555
300    ^a543 หน้า :^bภาพประกอบ, แผนภูมิ ;^c33 ซม.
500    ^aมีภาคภาษาอังกฤษเทียบเคียง
500    ^aคณะกรรมการฝ่ายประมวลเอกสารและจดหมายเหตุ ในคณะกรรมการอำนวยการจัดงานเฉลิมพระเกียรติ พระบาทสมเด็จพระเจ้าอยู่หัว จัดพิมพ์เนื่องในโอกาสพระราชพิธีมหามงคลเฉลิมพระชนมพรรษา 7 รอบ 5 ธันวาคม 2554
630 04 ^aไตรภูมิ
650  4 ^aวรรณคดีพุทธศาสนา^zไทย
650  4 ^aจักรวาลวิทยาพุทธศาสนา
691    ^aวรรณคดีท้องถิ่น
700 0  ^aจักรรถ จิตรพงศ์,^cม.ร.ว.
700 0  ^aปรีชา เถาทอง
700 0  ^aสมศักดิ์ เชาวน์ธาดาพงศ์,^eบรรณาธิการ
710 2  ^aกระทรวงวัฒนธรรม
945    ^p0^l0^i033732
999    ^aเกษร โพธิ์สุวรรณ
รายการนี้ยังไม่มีแท็ก
คุณยังไม่ได้ล็อกอิน คุณสามารถมีกิจกรรมร่วมกับเว็บไซต์ได้ แต่ต้องล็อกอินก่อน ::
  ล็อกอิน

รายการสื่อสารสนเทศ

ลำดับที่ ประเภท เลขเรียก/บาร์โค้ด สถานที่ สถานะ
1. การศึกษาทั่วไป
การศึกษาทั่วไป
BQ1029.T5 ต944ตร  
  Barcode: 033732
ห้องสมุดวิทยาเขตสวรรค์ประชารักษ์
►หนังสือทั่วไป
บนชั้น

BibComment


ยังไม่เคยถูกคอมเมนท์

คอมเมนท์ทรัพยากรรายการนี้
  คอมเมนท์: ไตรภูมิกถา ฉบับร..


 Copyright 2026. Bcnsprnw @Library